000 00232nam a22000857a 4500
008 160628b xxu||||| |||| 00| 0 eng d
100 _91280
_a Biswas, A., et al
245 _aThe Ancient India
260 _aNew Delhi
_bArya Publication
_c2003
999 _c1047
_d1047